[Event "Montreal op"]
[Site "Montreal CAN"]
[Date "2016.09.10"]
[Round "2.20"]
[White "Huang, Qiuyu"]
[Black "Leveille, Francois"]
[Result "0-1"]
[WhiteElo "2105"]
[BlackElo "2357"]
[PlyCount "170"]
[EventDate "2016.09.09"]
[EventType "swiss"]
[EventRounds "5"]
[EventCountry "CAN"]

1. e4 Nf6 2. e5 Nd5 3. d4 d6 4. Nf3 Bg4 5. Be2 c6 6. c4 Nb6 7. b3 Bxf3 8. Bxf3
dxe5 9. dxe5 e6 10. O-O N8d7 11. Qe2 Qc7 12. Bb2 Nc8 13. Be4 g5 14. Nd2 Bg7 15.
Rae1 Ne7 16. Bb1 Ng6 17. Bxg6 hxg6 18. Qe3 O-O-O 19. a4 Bxe5 20. Bxe5 Qxe5 21.
Qxe5 Nxe5 22. Rxe5 Rxd2 23. Rxg5 Rb2 24. Rg3 Rd8 25. Rf3 Rd7 26. h4 Kd8 27. Kh2
Ke7 28. Re1 Rdd2 29. Kg3 f6 30. Ree3 e5 31. Rd3 f5 32. Rxd2 Rxd2 33. Rc3 Kd6
34. Kf3 e4+ 35. Ke3 Rb2 36. g4 Ke5 37. f4+ Kd6 38. h5 Rg2 39. gxf5 gxf5 40. Rc1
Rh2 41. Rg1 Rxh5 42. b4 Rh3+ 43. Ke2 Rf3 44. Rg6+ Ke7 45. Rg7+ Kf6 46. Rxb7
Rxf4 47. b5 cxb5 48. cxb5 Rh4 49. Rxa7 Ke5 50. b6 Rh2+ 51. Kd1 Rb2 52. Ra5+ Ke6
53. Ra6 f4 54. b7+ Ke5 55. Ra5+ Kd6 56. Ra6+ Kc5 57. Ra5+ Kc6 58. Re5 f3 59.
Rxe4 f2 60. Rf4 Kxb7 61. Rf6 Ra2 62. a5 Ka7 63. Rf8 Ka6 64. Ra8+ Kb5 65. Rf8
Kc6 66. Ra8 Kb7 67. Rf8 Rb2 68. Rf6 Ka7 69. Rf8 Ra2 70. Rf6 Kb7 71. Rf8 Ka6 72.
Ra8+ Kb5 73. Rb8+ Kc4 74. Rc8+ Kd3 75. Rd8+ Ke3 76. Re8+ Kf3 77. Rf8+ Kg2 78.
Rg8+ Kf1 79. Rg5 Ra4 80. Kd2 Ra3 81. Kd1 Ra2 82. Rf5 Kg2 83. Rg5+ Kf3 84. Rf5+
Ke3 85. a6 Ra1+ 0-1

[Event "Montreal op"]
[Site "Montreal CAN"]
[Date "2016.09.10"]
[Round "2.22"]
[White "Weston, Paul"]
[Black "Libersan, Thierry"]
[Result "0-1"]
[WhiteElo "1994"]
[BlackElo "2148"]
[PlyCount "76"]
[EventDate "2016.09.09"]
[EventType "swiss"]
[EventRounds "5"]
[EventCountry "CAN"]

1. c4 b6 2. d3 Bb7 3. Nd2 Nf6 4. Ngf3 g6 5. g3 Bg7 6. Bg2 O-O 7. O-O c5 8. Rb1
d6 9. a3 Nbd7 10. b4 Rc8 11. Bb2 e5 12. e4 Ne8 13. Ne1 Nc7 14. Nc2 Ne6 15. Qe2
Re8 16. b5 Nd4 17. Bxd4 exd4 18. Qd1 Rc7 19. Ne1 Bc8 20. a4 Ne5 21. h3 g5 22.
a5 g4 23. axb6 axb6 24. hxg4 Bxg4 25. f3 Bc8 26. Ra1 Bh6 27. Kf2 Qg5 28. f4
Ng4+ 29. Ke2 Qg6 30. Nc2 Ne3 31. Nxe3 dxe3 32. Nf3 Qxg3 33. Bh1 Bg4 34. Qe1
Qh2+ 35. Kd1 Qb2 36. Rc1 Bxf4 37. Rg1 e2+ 38. Qxe2 Qxc1# 0-1

[Event "Montreal op"]
[Site "Montreal CAN"]
[Date "2016.09.10"]
[Round "2.23"]
[White "Tonakanian, Stephan"]
[Black "Marin, Sam"]
[Result "1/2-1/2"]
[WhiteElo "2147"]
[BlackElo "2094"]
[PlyCount "121"]
[EventDate "2016.09.09"]
[EventType "swiss"]
[EventRounds "5"]
[EventCountry "CAN"]

1. d4 Nf6 2. Nf3 d5 3. c4 e6 4. Nc3 Be7 5. Bf4 a6 6. e3 O-O 7. h3 Nbd7 8. Be2
dxc4 9. Bxc4 b5 10. Be2 Bb7 11. O-O c5 12. Bg3 Qb6 13. a4 c4 14. Nd2 Bd6 15.
Bxd6 Qxd6 16. b3 e5 17. Bf3 Bxf3 18. Nxf3 exd4 19. axb5 axb5 20. Nxb5 Rxa1 21.
Qxa1 Qb4 22. Nbxd4 cxb3 23. Qb2 Nc5 24. Rb1 Nfe4 25. Nxb3 Nd3 26. Qc2 Ndxf2 27.
Nbd4 Qc3 28. Qe2 Nd3 29. Rd1 Ndc5 30. Nf5 g6 31. Ne7+ Kg7 32. Nd5 Qb3 33. Rd4
Ng3 34. Qe1 Nf5 35. Qa1 f6 36. Qa7+ Nb7 37. Rb4 Qxd5 38. Qxb7+ Qxb7 39. Rxb7+
Rf7 40. Rb3 Re7 41. Kf2 Nd6 42. Rb4 Ne4+ 43. Ke2 Nc3+ 44. Kd2 Nd5 45. Rb3 f5
46. g3 Nf6 47. Ke2 Nd5 48. Kf2 Ra7 49. Nd4 Kf6 50. Kf3 Re7 51. Ra3 Kf7 52. Nc6
Rc7 53. Nd4 Rc3 54. Rxc3 Nxc3 55. g4 Kf6 56. Kf4 Nd5+ 57. Kf3 fxg4+ 58. hxg4 h5
59. gxh5 Nxe3 60. h6 Nf5 61. Nxf5 1/2-1/2

[Event "Montreal op"]
[Site "Montreal CAN"]
[Date "2016.09.10"]
[Round "2.24"]
[White "Munro, Allan"]
[Black "Rondon, Luciano"]
[Result "1-0"]
[WhiteElo "2133"]
[BlackElo "2045"]
[PlyCount "85"]
[EventDate "2016.09.09"]
[EventType "swiss"]
[EventRounds "5"]
[EventCountry "CAN"]

1. e4 c5 2. Nf3 d6 3. d4 cxd4 4. Nxd4 Nf6 5. Nc3 a6 6. h3 e5 7. Nde2 Be6 8. g4
d5 9. exd5 Nxd5 10. Bg2 Bb4 11. O-O Bxc3 12. Nxc3 Nxc3 13. Qxd8+ Kxd8 14. bxc3
Nc6 15. Be3 Kc7 16. Rfb1 b5 17. f4 Rad8 18. a4 Bc4 19. axb5 axb5 20. Ra6 Rd6
21. Bc5 Rhd8 22. Bxd6+ Rxd6 23. fxe5 Nxe5 24. Ra7+ Kd8 25. Rba1 Rd7 26. Rxd7+
Kxd7 27. Ra6 h6 28. Kf2 Ke7 29. Be4 Nd7 30. Ra7 Kd6 31. Bd3 Ne5 32. Bxc4 bxc4
33. Ke3 Kd5 34. Ra5+ Kd6 35. Ke4 Nc6 36. Ra8 Ke6 37. Ra4 g6 38. Rxc4 Ne7 39.
Ra4 f5+ 40. gxf5+ gxf5+ 41. Kf3 Nd5 42. Ra6+ Ke5 43. Ra5 1-0

[Event "Montreal op"]
[Site "Montreal CAN"]
[Date "2016.09.10"]
[Round "2.25"]
[White "Martin, Steve"]
[Black "Drolet, Stephane"]
[Result "0-1"]
[WhiteElo "1915"]
[BlackElo "2128"]
[PlyCount "92"]
[EventDate "2016.09.09"]
[EventType "swiss"]
[EventRounds "5"]
[EventCountry "CAN"]

1. e4 e6 2. d4 d5 3. Nc3 Bb4 4. exd5 exd5 5. Bd3 Ne7 6. Nge2 Bg4 7. O-O Nbc6 8.
f3 Be6 9. Nb5 a6 10. c3 Ba5 11. Na3 Bb6 12. f4 Qd7 13. b4 Nf5 14. Nc2 Nd6 15.
Ng3 f5 16. Qh5+ g6 17. Qg5 Ne4 18. Bxe4 dxe4 19. Ne3 Nd8 20. Rd1 c6 21. Ba3 Nf7
22. Qh4 Bd8 23. Qh3 Bc7 24. Qh4 h6 25. Qf6 Rg8 26. d5 cxd5 27. Nxd5 Bxd5 28. c4
Qc6 29. Qb2 Bxc4 30. Ne2 Bxe2 31. Qxe2 Bxf4 32. Qf2 Be5 33. Rac1 Qe6 34. b5 e3
35. Qe2 f4 36. Qf3 Rb8 37. Qe4 Ng5 38. Qa4 Kf7 39. h4 Nh3+ 40. gxh3 Kg7 41. Qe4
Rge8 42. bxa6 bxa6 43. Rc6 Qf7 44. Rd7 Qxd7 45. Qxg6+ Kh8 46. Qxh6+ Qh7 0-1

[Event "Montreal op"]
[Site "Montreal CAN"]
[Date "2016.09.10"]
[Round "2.26"]
[White "Bassel, Charaf"]
[Black "Abbas, Talal"]
[Result "1-0"]
[WhiteElo "2109"]
[BlackElo "2002"]
[PlyCount "107"]
[EventDate "2016.09.09"]
[EventType "swiss"]
[EventRounds "5"]
[EventCountry "CAN"]

1. d4 Nf6 2. Nc3 d5 3. Bg5 Bf5 4. Bxf6 exf6 5. e3 c6 6. Bd3 Qd7 7. Bxf5 Qxf5 8.
Qd3 Qg4 9. g3 Bd6 10. Nce2 Na6 11. c3 O-O 12. Kf1 Rfe8 13. Kg2 Rad8 14. Nf3 Nc7
15. a4 Qd7 16. b4 Bf8 17. Rhb1 a6 18. Ne1 Ra8 19. c4 dxc4 20. Qxc4 Qd5+ 21.
Qxd5 Nxd5 22. Nd3 b5 23. a5 Rac8 24. g4 Re4 25. Kf3 Rce8 26. Ne5 R4xe5 27. dxe5
fxe5 28. Rd1 Bxb4 29. Rac1 Ne7 30. Rd7 Ra8 31. Rb1 Ba3 32. Rb3 Bc5 33. Ng3 Nd5
34. e4 Ne7 35. Rbd3 f6 36. Rc7 b4 37. Rb7 g6 38. Rdd7 Kf7 39. Nf1 Ke6 40. Nd2
f5 41. gxf5+ gxf5 42. exf5+ Nxf5 43. Rxh7 Nd4+ 44. Ke4 Rf8 45. Rh6+ Rf6 46.
Rxf6+ Kxf6 47. Nc4 Ne6 48. h4 Be7 49. Rb6 b3 50. Rxc6 Bb4 51. Rxa6 Bc3 52.
Rxe6+ Kxe6 53. a6 Bd4 54. f4 1-0

[Event "Montreal op"]
[Site "Montreal CAN"]
[Date "2016.09.10"]
[Round "3.3"]
[White "Neef, Maximilian"]
[Black "Yu, Zong Yang"]
[Result "1/2-1/2"]
[WhiteElo "2442"]
[BlackElo "2407"]
[PlyCount "258"]
[EventDate "2016.09.09"]
[EventType "swiss"]
[EventRounds "5"]
[EventCountry "CAN"]

1. Nf3 Nf6 2. c4 e6 3. g3 d5 4. Bg2 dxc4 5. Qa4+ c6 6. Qxc4 b5 7. Qc2 Bb7 8.
O-O Nbd7 9. d3 Be7 10. a4 a6 11. Nbd2 O-O 12. Nb3 c5 13. Bd2 Rc8 14. axb5 axb5
15. Rfc1 c4 16. Na5 Bd5 17. Ne1 Nb6 18. dxc4 Bxg2 19. Kxg2 bxc4 20. Nf3 Qd5 21.
Be3 Bc5 22. Nxc4 Nxc4 23. Qxc4 Qxc4 24. Rxc4 Bxe3 25. Rxc8 Rxc8 26. fxe3 h6 27.
Ne5 Rc2 28. Ra8+ Kh7 29. Kf3 Rxb2 30. Nxf7 Rb5 31. e4 Kg6 32. Nd8 Rb6 33. Rc8
Nd7 34. Kf4 Kf6 35. Rc6 Rxc6 36. Nxc6 e5+ 37. Ke3 Ke6 38. Nb4 Nf6 39. Kf3 Kd6
40. Nc2 Ke6 41. Ne3 g6 42. Ng4 Ng8 43. Kg2 Kd6 44. Kf2 Ke6 45. Ke3 Kd6 46. Kd3
Ke6 47. Kc4 Kd6 48. Kb5 h5 49. Nf2 Nf6 50. Kc4 Kc6 51. Kd3 Kd6 52. Ke3 Ke6 53.
Kf3 Nh7 54. Nd1 Ng5+ 55. Ke3 Nh7 56. Kd3 Nf6 57. Ne3 Kd6 58. h3 Ke6 59. Nc4 Nh7
60. Nd2 Ng5 61. h4 Nh7 62. Nf3 Nf6 63. Ng5+ Kd6 64. Nf7+ Ke6 65. Ng5+ Kd6 66.
Kc4 Ng4 67. Kc3 Nf2 68. Kd2 Ng4 69. Nf3 Ke6 70. Ne1 Kd6 71. Nd3 Ke6 72. Nb4 Kd6
73. Nd5 Ke6 74. Ke1 Kd6 75. Kf1 Ke6 76. Kg2 Kd6 77. Kf3 Nh2+ 78. Kg2 Ng4 79.
Nb6 Kc6 80. Na4 Kd6 81. Nc3 Kc6 82. Nd1 Kd6 83. Kf3 Nh2+ 84. Ke3 Ng4+ 85. Kd3
Ke6 86. Kc4 Kd6 87. Kb5 Nf6 88. Nf2 Nd7 89. Kc4 Nc5 90. Kc3 Nd7 91. Kd3 Nf6 92.
Ke3 Ke7 93. Kf3 Ke6 94. g4 hxg4+ 95. Nxg4 Nh5 96. Ne3 Nf6 97. Nc4 Nd7 98. Nb2
Nf6 99. Nd3 Kd6 100. Nb2 Kc5 101. Nd1 Kd6 102. Nf2 Ke6 103. Nh3 Nd7 104. Kg4
Kf6 105. Nf2 Nc5 106. Kg3 Ke6 107. Kf3 Nd7 108. Kg4 Kf6 109. Nd3 Nf8 110. Nc5
Nh7 111. Nd3 Nf8 112. Nb4 Ne6 113. Nd5+ Kf7 114. h5 gxh5+ 115. Kxh5 Nc5 116.
Nc3 Kf6 117. Kh6 Ne6 118. Nd1 Nf4 119. e3 Ne2 120. Nf2 Ng3 121. Kh7 Kf7 122.
Ng4 Nxe4 123. Nxe5+ Ke6 124. Nd3 Kf5 125. Kh6 Nf6 126. Nf2 Ng4+ 127. Nxg4 Kxg4
128. Kh7 Kf3 129. Kh8 Kxe3 1/2-1/2

[Event "Montreal op"]
[Site "Montreal CAN"]
[Date "2016.09.10"]
[Round "3.4"]
[White "Masse, Hugues"]
[Black "Perez Rodriguez, Luis Manuel"]
[Result "0-1"]
[WhiteElo "2318"]
[BlackElo "2447"]
[PlyCount "56"]
[EventDate "2016.09.09"]
[EventType "swiss"]
[EventRounds "5"]
[EventCountry "CAN"]

1. d4 d5 2. c4 c6 3. Nf3 Nf6 4. e3 e6 5. b3 Nbd7 6. Bb2 b6 7. Bd3 Bb7 8. O-O
Bd6 9. Nbd2 O-O 10. Ne5 c5 11. f4 cxd4 12. exd4 Ne4 13. cxd5 exd5 14. Ndf3 f6
15. Nxd7 Qxd7 16. g3 Rfe8 17. Rc1 Re7 18. Qc2 Rae8 19. Qg2 a6 20. Rc2 b5 21.
Re2 Qg4 22. a3 Bc8 23. Rfe1 Qh5 24. Bxe4 dxe4 25. Nd2 Bh3 26. Qf2 e3 27. Rxe3
Rxe3 28. Rxe3 Qd1+ 0-1

[Event "Montreal op"]
[Site "Montreal CAN"]
[Date "2016.09.10"]
[Round "3.6"]
[White "Luksza, Arkadiusz"]
[Black "Hirschberg, Valerian"]
[Result "0-1"]
[WhiteElo "2162"]
[BlackElo "2350"]
[PlyCount "59"]
[EventDate "2016.09.09"]
[EventType "swiss"]
[EventRounds "5"]
[EventCountry "CAN"]

1. Nf3 Nf6 2. g3 c5 3. Bg2 g6 4. d3 d5 5. O-O Bg7 6. Nbd2 Nc6 7. e4 O-O 8. Re1
h6 9. h3 e5 10. exd5 Nxd5 11. Nc4 Re8 12. c3 Nb6 13. Ne3 f5 14. a4 a5 15. Nc4
Nxc4 16. dxc4 Be6 17. Qxd8 Raxd8 18. Be3 e4 19. Nd2 Ne5 20. Red1 b6 21. Bf1 Nd3
22. Rab1 g5 23. f4 gxf4 24. gxf4 Bd7 25. Bxd3 exd3 26. Kf2 Bxa4 27. Rg1 Kh7 28.
Rg3 Bf6 29. Rbg1 Bh4 30. Nf1 0-1

[Event "Montreal op"]
[Site "Montreal CAN"]
[Date "2016.09.10"]
[Round "3.8"]
[White "Zhu, Hong Rui"]
[Black "Durette, Francis"]
[Result "1-0"]
[WhiteElo "2305"]
[BlackElo "2133"]
[PlyCount "99"]
[EventDate "2016.09.09"]
[EventType "swiss"]
[EventRounds "5"]
[EventCountry "CAN"]

1. e4 e5 2. Nf3 Nc6 3. d4 exd4 4. Bc4 Nf6 5. e5 d5 6. Bb5 Ne4 7. Nxd4 Bd7 8.
Bxc6 bxc6 9. O-O Be7 10. Be3 O-O 11. Nd2 Nxd2 12. Qxd2 c5 13. Nb3 d4 14. Bf4
Bb5 15. Rfd1 Qd7 16. Rac1 Rfd8 17. c3 d3 18. c4 Ba6 19. Rc3 Qa4 20. Nc1 Rd7 21.
b3 Qc6 22. Qe3 Bb7 23. f3 d2 24. Rxd2 Rxd2 25. Qxd2 Qg6 26. Rd3 f6 27. Ne2 fxe5
28. Bxe5 Re8 29. Bxc7 Bg5 30. Bf4 Bh4 31. Kh1 Bc8 32. Be3 Qe6 33. Ng3 Qe5 34.
Nf1 Qa1 35. Kg1 Bf5 36. Rd5 Bg6 37. Rxc5 Bf6 38. Rd5 Bf7 39. Bd4 Qb1 40. Bxf6
Bxd5 41. Qxd5+ Kh8 42. Bd4 Qxa2 43. Qb7 Rg8 44. Bxa7 Qa1 45. Qd7 h6 46. Bd4 Qb1
47. c5 Qxb3 48. c6 Qc4 49. c7 Qc1 50. Bxg7+ 1-0

[Event "Montreal op"]
[Site "Montreal CAN"]
[Date "2016.09.10"]
[Round "3.11"]
[White "Leveille, Francois"]
[Black "Munro, Allan"]
[Result "1-0"]
[WhiteElo "2357"]
[BlackElo "2133"]
[PlyCount "155"]
[EventDate "2016.09.09"]
[EventType "swiss"]
[EventRounds "5"]
[EventCountry "CAN"]

1. Nf3 Nf6 2. c4 c5 3. Nc3 Nc6 4. g3 g6 5. d4 cxd4 6. Nxd4 Bg7 7. Bg2 O-O 8.
O-O Qa5 9. Nb3 Qh5 10. e3 Qxd1 11. Rxd1 Rb8 12. c5 b6 13. cxb6 axb6 14. Bd2 Ne5
15. e4 d6 16. Bg5 Bb7 17. Nd4 Rfe8 18. Rac1 h6 19. Bf4 Ned7 20. Ndb5 g5 21. Bd2
Nc5 22. Nc7 Rec8 23. N7d5 Nxd5 24. exd5 Ba6 25. Bh3 Rc7 26. Be3 Nd3 27. Rb1 Ne5
28. Bf5 Nc4 29. Bc1 b5 30. Ne2 b4 31. Nd4 Bb7 32. Be4 e6 33. h3 Bxd4 34. Rxd4
e5 35. Rd3 Bc8 36. g4 Ba6 37. Kg2 Na5 38. Rf3 Kg7 39. b3 Nb7 40. Be3 Nc5 41.
Bf5 Bc8 42. Bxc8 Rbxc8 43. h4 f6 44. Rd1 Ne4 45. Rh3 Rc2 46. Kf3 Nc3 47. Rdh1
e4+ 48. Kg2 Nxd5 49. hxg5 Nxe3+ 50. Rxe3 fxg5 51. Rxe4 Rf8 52. Rf1 Rf4 53. Rxf4
gxf4 54. Kf3 Rxa2 55. Kxf4 Rb2 56. f3 Rxb3 57. Rd1 Rc3 58. Rxd6 b3 59. Rb6 Rc4+
60. Ke5 Rc3 61. Ke4 Kh7 62. f4 Kg7 63. Ke5 h5 64. Rb7+ Kg8 65. gxh5 b2 66. Rxb2
Kg7 67. Rb7+ Kh6 68. f5 Rc1 69. f6 Re1+ 70. Kf5 Rf1+ 71. Ke6 Re1+ 72. Kd6 Rd1+
73. Ke7 Re1+ 74. Kf8 Kxh5 75. Kg8 Kh6 76. Rh7+ Kg5 77. f7 Rf1 78. Rg7+ 1-0

[Event "Montreal op"]
[Site "Montreal CAN"]
[Date "2016.09.10"]
[Round "3.13"]
[White "Libersan, Thierry"]
[Black "Khoudgarian, Natalia"]
[Result "1/2-1/2"]
[WhiteElo "2148"]
[BlackElo "2276"]
[PlyCount "107"]
[EventDate "2016.09.09"]
[EventType "swiss"]
[EventRounds "5"]
[EventCountry "CAN"]

1. e4 e6 2. d4 d5 3. Nc3 Bb4 4. Nge2 dxe4 5. a3 Be7 6. Nxe4 Nf6 7. Nxf6+ Bxf6
8. Be3 O-O 9. Qd2 c5 10. O-O-O Qb6 11. Nc3 cxd4 12. Bxd4 Bxd4 13. Qxd4 Qxd4 14.
Rxd4 Nc6 15. Rd2 e5 16. Bc4 Bf5 17. Nb5 Bg6 18. h4 Rad8 19. Rhd1 Rxd2 20. Rxd2
a6 21. Nd6 b5 22. Bd5 Nd4 23. c3 Nf5 24. Bxf7+ Rxf7 25. Nxf7 Kxf7 26. Rd7+ Ke6
27. Ra7 Nxh4 28. g3 Nf5 29. Rxa6+ Nd6 30. a4 bxa4 31. Rxa4 Ne4 32. Ra7 Nxf2 33.
b4 Ne4 34. c4 Nxg3 35. b5 Kd6 36. Rxg7 Nf5 37. Rg8 Ne7 38. Rg7 Nf5 39. Rg8 Nd4
40. Kd2 Kc5 41. Rc8+ Kb6 42. Kc3 Nxb5+ 43. cxb5 Kxb5 44. Kd2 Bf5 45. Re8 Bg6
46. Rxe5+ Kc6 47. Ke3 Kd6 48. Kf4 Kd7 49. Kg5 Kd6 50. Kf6 Bb1 51. Re1 Bc2 52.
Re2 Bg6 53. Rd2+ Kc5 54. Ke5 1/2-1/2

[Event "Montreal op"]
[Site "Montreal CAN"]
[Date "2016.09.10"]
[Round "3.14"]
[White "Drolet, Stephane"]
[Black "Nicula, Marius"]
[Result "0-1"]
[WhiteElo "2128"]
[BlackElo "2223"]
[PlyCount "56"]
[EventDate "2016.09.09"]
[EventType "swiss"]
[EventRounds "5"]
[EventCountry "CAN"]

1. d4 e6 2. Nf3 f5 3. d5 Be7 4. Nc3 Nf6 5. g3 Nxd5 6. Nxd5 exd5 7. Qxd5 d6 8.
Bg2 c6 9. Qb3 Na6 10. Be3 d5 11. O-O O-O 12. Rad1 Nc7 13. c3 Qe8 14. Nd4 Qf7
15. Bf4 Ne6 16. Nf3 Nc5 17. Qc2 Ne4 18. Ne5 Qf6 19. Nd3 Be6 20. Be5 Qf7 21. f3
Nc5 22. e4 Nxd3 23. Rxd3 dxe4 24. fxe4 Bc4 25. Rxf5 Qe6 26. Rh5 Bxd3 27. Qxd3
g6 28. Bh3 Qf7 0-1

[Event "Montreal op"]
[Site "Montreal CAN"]
[Date "2016.09.10"]
[Round "3.15"]
[White "Tremblay, Rejean"]
[Black "Allard, Laurent"]
[Result "0-1"]
[WhiteElo "2223"]
[BlackElo "2049"]
[PlyCount "60"]
[EventDate "2016.09.09"]
[EventType "swiss"]
[EventRounds "5"]
[EventCountry "CAN"]

1. d4 Nf6 2. c4 g6 3. Nc3 Bg7 4. Nf3 O-O 5. e4 d6 6. Be2 e5 7. O-O Nc6 8. d5
Ne7 9. Ne1 Ne8 10. Be3 f5 11. f3 f4 12. Bf2 g5 13. Nd3 Ng6 14. Rc1 Rf7 15. b4
Nf6 16. c5 Bf8 17. cxd6 cxd6 18. a4 h5 19. Qc2 g4 20. Nb5 g3 21. hxg3 fxg3 22.
Bxg3 Ne8 23. Bf2 Qg5 24. Qxc8 Rxc8 25. Rxc8 a6 26. Na3 Nf6 27. Nc4 Rg7 28. Be3
Nf4 29. Rf2 Nh3+ 30. Kh2 Qg3+ 0-1

[Event "Montreal op"]
[Site "Montreal CAN"]
[Date "2016.09.10"]
[Round "3.16"]
[White "Chabot, Roland"]
[Black "Gauthier, Denis"]
[Result "1-0"]
[WhiteElo "2216"]
[BlackElo "1957"]
[PlyCount "130"]
[EventDate "2016.09.09"]
[EventType "swiss"]
[EventRounds "5"]
[EventCountry "CAN"]

1. d4 Nf6 2. Nf3 e6 3. c4 Bb4+ 4. Nbd2 b6 5. g3 Bb7 6. Bg2 O-O 7. O-O Bxd2 8.
Qxd2 d6 9. b4 a5 10. b5 Nbd7 11. a4 Qe7 12. Bb2 Ne4 13. Qc2 f5 14. e3 Ndf6 15.
Ne1 Rab8 16. f3 Ng5 17. Nd3 Nf7 18. Rae1 Rbd8 19. e4 fxe4 20. fxe4 e5 21. c5
dxc5 22. dxc5 Rfe8 23. c6 Bc8 24. Nf2 Be6 25. Re3 Ng4 26. Nxg4 Bxg4 27. Ba3 Qg5
28. Qf2 Qg6 29. h3 Be6 30. Qe2 Nd6 31. Bxd6 Rxd6 32. Rd1 Red8 33. Rxd6 Rxd6 34.
Qc2 Qg5 35. Rd3 Qd8 36. Rf3 Rd1+ 37. Bf1 Qd4+ 38. Kh1 h6 39. g4 Bc4 40. Qg2 Rd2
41. Qg3 Bxf1 42. Rxf1 Qxe4+ 43. Qf3 Qxf3+ 44. Rxf3 Rd4 45. Ra3 Kf7 46. Kg2 Ke6
47. Kf3 g5 48. Ke3 Kd5 49. Ra1 e4 50. Rf1 Rd3+ 51. Ke2 Rxh3 52. Rf7 Ke6 53.
Rxc7 Rc3 54. Rh7 Ke5 55. Kd2 Rc4 56. Rxh6 Kf4 57. Rh7 e3+ 58. Kd3 Rc5 59. Rf7+
Kxg4 60. Kxe3 Kg3 61. Rb7 g4 62. Rxb6 Kg2 63. Rb7 Rc3+ 64. Kd4 Rc2 65. Rg7 g3
1-0

[Event "Montreal op"]
[Site "Montreal CAN"]
[Date "2016.09.10"]
[Round "3.17"]
[White "Jacquet, Stephane"]
[Black "Robichaud, Louis"]
[Result "1-0"]
[WhiteElo "2050"]
[BlackElo "2185"]
[PlyCount "95"]
[EventDate "2016.09.09"]
[EventType "swiss"]
[EventRounds "5"]
[EventCountry "CAN"]

1. d4 Nf6 2. c4 g6 3. Nc3 Bg7 4. e4 d6 5. Nf3 O-O 6. Be2 e5 7. O-O Nc6 8. d5
Ne7 9. Ne1 Nd7 10. Be3 f5 11. f3 f4 12. Bf2 g5 13. Rc1 Rf7 14. Nd3 Ng6 15. c5
Nf6 16. cxd6 cxd6 17. a4 h5 18. Nb5 g4 19. Qc2 Ne8 20. Nxa7 g3 21. hxg3 fxg3
22. Bxg3 Rc7 23. Nc6 bxc6 24. dxc6 Qg5 25. Be1 Nf4 26. Nxf4 exf4 27. Rf2 Be5
28. b4 Nf6 29. b5 Rg7 30. b6 Kh8 31. Bc3 Ng4 32. Bxe5 dxe5 33. fxg4 hxg4 34.
Bxg4 Qxg4 35. b7 Bxb7 36. cxb7 Rxb7 37. Qc6 Rba7 38. Rf3 Ra6 39. Qc7 Qg7 40.
Rh3+ Kg8 41. Qc4+ Kf8 42. Qb4+ Kg8 43. Ra3 Qa7+ 44. Kf1 Rxa4 45. Rxa4 Qxa4 46.
Rc8+ Kg7 47. Qb7+ Kf6 48. Rc6+ 1-0

[Event "Montreal op"]
[Site "Montreal CAN"]
[Date "2016.09.10"]
[Round "3.18"]
[White "Laurain, Guy"]
[Black "Fillion, Steve"]
[Result "1/2-1/2"]
[WhiteElo "2028"]
[BlackElo "2170"]
[PlyCount "86"]
[EventDate "2016.09.09"]
[EventType "swiss"]
[EventRounds "5"]
[EventCountry "CAN"]

1. e4 c6 2. d4 d5 3. exd5 cxd5 4. c4 Nf6 5. Nc3 e6 6. Nf3 Bb4 7. Bd3 dxc4 8.
Bxc4 O-O 9. O-O b6 10. Ne5 Bb7 11. Be3 Nc6 12. Nxc6 Bxc6 13. Qb3 Bxc3 14. bxc3
Nd5 15. Rae1 b5 16. Bd3 a6 17. Bc1 Rc8 18. c4 bxc4 19. Bxc4 Rb8 20. Qg3 Bb5 21.
Bg5 Qc7 22. Qxc7 Nxc7 23. Rc1 Rbc8 24. Rfe1 h6 25. Be3 Bxc4 26. Rxc4 Nd5 27.
Rec1 Rxc4 28. Rxc4 Rb8 29. g3 Nxe3 30. fxe3 Rb1+ 31. Kf2 Rb2+ 32. Kf3 Rxa2 33.
Rc8+ Kh7 34. h4 h5 35. e4 Ra3+ 36. Kf4 Ra4 37. Rd8 Kg6 38. Ke5 Ra3 39. Rd6 a5
40. d5 Rxg3 41. dxe6 fxe6 42. Rxe6+ Kf7 43. Ra6 Rg4 1/2-1/2

[Event "Montreal op"]
[Site "Montreal CAN"]
[Date "2016.09.10"]
[Round "3.19"]
[White "Bouchard, Jean-Marc"]
[Black "Calvelo, Jelvis"]
[Result "0-1"]
[WhiteElo "1992"]
[BlackElo "2156"]
[PlyCount "41"]
[EventDate "2016.09.09"]
[EventType "swiss"]
[EventRounds "5"]
[EventCountry "CAN"]

1. e4 e6 2. d4 d5 3. exd5 exd5 4. Bd3 c5 5. Qe2+ Be7 6. dxc5 Nf6 7. Nf3 O-O 8.
O-O Bxc5 9. Bg5 Bg4 10. h3 Bh5 11. Nbd2 Nc6 12. g4 Bg6 13. Bxg6 hxg6 14. c3 Qd6
15. Nb3 Qg3+ 16. Kh1 Qxh3+ 17. Nh2 Bd6 18. f3 Nh7 19. Bd2 Rfe8 20. Qf2 a5 21.
Nc1 0-1

[Event "Montreal op"]
[Site "Montreal CAN"]
[Date "2016.09.10"]
[Round "3.20"]
[White "Marin, Sam"]
[Black "Prahov, Valentin"]
[Result "1-0"]
[WhiteElo "2094"]
[BlackElo "2149"]
[PlyCount "125"]
[EventDate "2016.09.09"]
[EventType "swiss"]
[EventRounds "5"]
[EventCountry "CAN"]

1. Nf3 Nf6 2. d4 g6 3. Bf4 Bg7 4. c3 O-O 5. Nbd2 d5 6. e3 Nc6 7. Bd3 Re8 8. h3
Nd7 9. O-O e5 10. dxe5 Ndxe5 11. Be2 Nxf3+ 12. Nxf3 Ne5 13. Qd2 c6 14. Rfd1
Nxf3+ 15. Bxf3 Be6 16. Qc2 Qb6 17. Rd2 Bf5 18. Qb3 h5 19. g4 hxg4 20. hxg4 Be4
21. Qxb6 axb6 22. Be2 f6 23. Bc7 b5 24. f3 Bxf3 25. Bxf3 Rxe3 26. Kf2 Bh6 27.
Re2 Rxe2+ 28. Bxe2 Bg5 29. Bd3 Kf7 30. Kf3 Rh8 31. Bg3 Rh3 32. Kg2 Rh8 33. Rh1
Rxh1 34. Kxh1 Bc1 35. b3 Bd2 36. c4 bxc4 37. bxc4 dxc4 38. Bxc4+ Kg7 39. Bd3 b5
40. Bd6 Be3 41. Kg2 Kf7 42. Kf3 Bb6 43. Bf4 f5 44. gxf5 gxf5 45. Bxf5 Ke7 46.
Be3 c5 47. Ke4 Kd6 48. Bf4+ Kc6 49. Bg6 Ba5 50. Be8+ Kb6 51. Kd5 Bb4 52. Be3
Ba3 53. Bd7 Bb4 54. Bg5 Ka5 55. Bc1 Ka4 56. Bg4 c4 57. Bd1+ Ka5 58. Kc6 Be1 59.
Be3 Kb4 60. Bc5+ Ka5 61. a3 b4 62. Bb6+ Ka6 63. Bg4 1-0

[Event "Montreal op"]
[Site "Montreal CAN"]
[Date "2016.09.10"]
[Round "3.21"]
[White "Perna-Fraser, David"]
[Black "Tonakanian, Stephan"]
[Result "1/2-1/2"]
[WhiteElo "1907"]
[BlackElo "2147"]
[PlyCount "60"]
[EventDate "2016.09.09"]
[EventType "swiss"]
[EventRounds "5"]
[EventCountry "CAN"]

1. e4 e6 2. d4 d5 3. exd5 exd5 4. Nf3 Bd6 5. Bd3 Ne7 6. O-O Nbc6 7. Re1 Bg4 8.
c3 Qd7 9. b4 O-O 10. Nbd2 Ng6 11. Nf1 Rae8 12. Rxe8 Rxe8 13. Ne3 Bh5 14. Bf5
Bxh2+ 15. Kxh2 Qd6+ 16. Kg1 Nf4 17. g3 Re4 18. Bxe4 dxe4 19. g4 Nh3+ 20. Kf1
Qf4 21. gxh5 exf3 22. Ke1 h6 23. Qd3 Qh2 24. Qf1 Nf4 25. Kd2 Qxh5 26. Bb2 Qg6
27. Re1 a6 28. Nc2 Qf5 29. Ne3 Qe4 30. Nc2 Qf5 1/2-1/2

[Event "Montreal op"]
[Site "Montreal CAN"]
[Date "2016.09.10"]
[Round "3.22"]
[White "Sprumont, Oscar"]
[Black "Ang, Alan"]
[Result "1-0"]
[WhiteElo "2141"]
[BlackElo "2032"]
[PlyCount "91"]
[EventDate "2016.09.09"]
[EventType "swiss"]
[EventRounds "5"]
[EventCountry "CAN"]

1. Nf3 Nf6 2. c4 g6 3. Nc3 Bg7 4. g3 d6 5. d4 O-O 6. Bg2 c6 7. O-O a6 8. a4 a5
9. d5 e5 10. dxc6 bxc6 11. e4 Qc7 12. h3 Na6 13. Be3 Rb8 14. b3 Rd8 15. Ne1 Be6
16. Nd3 Nb4 17. Rb1 h6 18. Qd2 Nxd3 19. Qxd3 Qd7 20. Kh2 d5 21. cxd5 cxd5 22.
exd5 Bf5 23. Ne4 Nxe4 24. Bxe4 Bxe4 25. Qxe4 Qxd5 26. Qxd5 Rxd5 27. Rfc1 Bf8
28. Rd1 Rbd8 29. Rxd5 Rxd5 30. Rb2 h5 31. Rd2 Rd6 32. Rxd6 Bxd6 33. Bd2 Bc7 34.
b4 axb4 35. Bxb4 f5 36. a5 Kf7 37. a6 Bb6 38. Kg2 Ke6 39. Kf3 Kd5 40. Bd2 Kc6
41. Be3 Bxe3 42. Kxe3 g5 43. Kd3 h4 44. gxh4 gxh4 45. Kc4 f4 46. Kd3 1-0

[Event "Montreal op"]
[Site "Montreal CAN"]
[Date "2016.09.10"]
[Round "3.23"]
[White "Agcaoili, Marlou"]
[Black "Pitre, Francois"]
[Result "1-0"]
[WhiteElo "2100"]
[BlackElo "1962"]
[PlyCount "36"]
[EventDate "2016.09.09"]
[EventType "swiss"]
[EventRounds "5"]
[EventCountry "CAN"]

1. c4 e5 2. Nc3 Nf6 3. g3 c6 4. e4 Bb4 5. Nge2 d6 6. Bg2 O-O 7. O-O Nbd7 8. a3
Ba5 9. b4 Bb6 10. Bb2 Re8 11. Na4 Bc7 12. Qc2 c5 13. f4 exf4 14. Nxf4 cxb4 15.
axb4 d5 16. e5 Nb6 17. Nxb6 Bxb6+ 18. d4 Be6 {...} 1-0